Formel 1 - Die meisten Grand Prix Siege pro Land - Statistiken

Allgemein
  • Dieses Quiz wurde 151 mal gespielt
  • Das Durchschnittsergebnis liegt bei 15 aus 23
Antwortstatistiken
Land Siege Antwort % Korrekt
Großbritannien 105 Lewis Hamilton
98%
Niederlande 71 Max Verstappen
98%
Deutschland 91 Michael Schumacher
97%
Brasilien 41 Ayrton Senna
94%
Spanien 32 Fernando Alonso
92%
Österreich 25 Niki Lauda
91%
Monaco 8 Charles Leclerc
89%
Finnland 21 Kimi Räikkönen
84%
Mexiko 6 Sergio Perez
81%
Frankreich 51 Alain Prost
79%
Argentinien 24 Juan Manuel Fangio
69%
Kanada 11 Jacques Villeneuve
66%
Polen 1 Robert Kubica
65%
Kolumbien 7 Juan Pablo Montoya
47%
Italien 13 Alberto Ascari
45%
Venezuela 1 Pastor Maldonado
45%
USA 12 Mario Andretti
43%
Südafrika 10 Jody Scheckter
40%
Belgien 8 Jacky Ickx
35%
Neuseeland 8 Denis Hulme
31%
Australien 14 Jack Brabham
31%
Schweiz 5 Clay Regazzoni
26%
Schweden 10 Ronnie Peterson
26%
Keine übereinstimmenden Quizze gefunden
Verteilung der Resultate
Anzahl Personen mit jedem Resultat
Perzentil nach korrekt beantworteten Fragen
Ihre Resultats-Entwicklung
Sie haben dieses Quiz noch nicht gespielt